LIBRARY & INFORMATION CENTRE, KCAET, TAVANUR

ONLINE PUBLIC ACCESS CATALOGUE (OPAC)

Text book on computer programming / (Record no. 9802)

MARC details
000 -LEADER
fixed length control field 00454cam a2200181ua 4500
041 ## - LANGUAGE CODE
Language code of text/sound track or separate title eng
082 ## - DEWEY DECIMAL CLASSIFICATION NUMBER
Classification number 005.1
Item number RAD/TE
100 ## - MAIN ENTRY--AUTHOR NAME
Personal name Radhakrishnan, M .
245 ## - TITLE STATEMENT
Title Text book on computer programming /
250 ## - EDITION STATEMENT
Edition statement 1 /
260 ## - PUBLICATION, DISTRIBUTION, ETC. (IMPRINT)
Place of publication Coimbatore :
Name of publisher Pratheeba publishers ,
Year of publication 1985.
300 ## - PHYSICAL DESCRIPTION
Number of Pages 204 ; .
942 ## - ADDED ENTRY ELEMENTS (KOHA)
Koha item type Books
Holdings
Withdrawn status Lost status Damaged status Home library Current library Date acquired Full call number Accession Number Koha item type
      KAUAET KAUAET 22/08/1986 005.1 15481 Books
free website counter